Statistics for Lana Del Rey - Cruel World Lyrics

Click here to take the quiz!

General Stats

  • This quiz has been taken 49 times
  • The average score is 336 of 368

Answer Stats

Answer% Correct
a
100%
all
100%
and
100%
And
100%
go
100%
I
100%
my
100%
party
100%
that
100%
with
100%
You
100%
you
100%
your
100%
got
97%
Got
97%
i'm
97%
I'm
97%
now
97%
That's
97%
to
97%
You're
97%
you're
97%
body
94%
Crazy
94%
crazy
94%
Did
94%
did
94%
do
94%
dress
94%
fun
94%
gone
94%
gun
94%
had
94%
like
94%
me
94%
mind
94%
Share
94%
the
94%
what
94%
Bible
91%
can
91%
have
91%
little
91%
on
91%
over
91%
around
88%
Everybody
88%
for
88%
fuckin'
88%
happy
88%
in
88%
knows
88%
red
88%
so
88%
Because
85%
bit
85%
dancin'
85%
famous
85%
free
85%
Get
85%
not
85%
of
85%
Put
85%
shared
85%
Shared
85%
wild
85%
young
85%
best
82%
life
82%
love
82%
women
82%
'Cause
79%
circles
79%
Oh
79%
oh
79%
way
79%
yeah
79%
candy
76%
finally
74%
past
74%
suburban
74%
There's
74%
far
71%
ya
71%
another
68%
bourbon
68%
found
68%
more
68%
see
65%
anyhow
62%
could
62%
heroin
59%
leaving
56%

Score Distribution

Percentile by Number Answered

Percent of People with Each Score

Your Score History

You have not taken this quiz